<?xml version="1.0" encoding="UTF-8"?>
<record
    xmlns:xsi="http://www.w3.org/2001/XMLSchema-instance"
    xsi:schemaLocation="http://www.loc.gov/MARC21/slim http://www.loc.gov/standards/marcxml/schema/MARC21slim.xsd"
    xmlns="http://www.loc.gov/MARC21/slim">

  <leader>00601nam a22001577a 4500</leader>
  <controlfield tag="003">OSt</controlfield>
  <controlfield tag="005">20150914115600.0</controlfield>
  <controlfield tag="008">150914b        xxu||||| |||| 00| 0 eng d</controlfield>
  <datafield tag="040" ind1=" " ind2=" ">
    <subfield code="c">RUA</subfield>
  </datafield>
  <datafield tag="082" ind1=" " ind2=" ">
    <subfield code="a">AGR NOP 1999 B021 Or.1</subfield>
  </datafield>
  <datafield tag="100" ind1=" " ind2=" ">
    <subfield code="9">456</subfield>
    <subfield code="a">NOP, THUNVUTH.</subfield>
  </datafield>
  <datafield tag="245" ind1=" " ind2=" ">
    <subfield code="a">Study on cidse's svay rieng integrated community development programe &#x1780;&#x17B6;&#x179A;&#x179F;&#x17B7;&#x1780;&#x17D2;&#x179F;&#x17B6;&#x1796;&#x17B8;&#x1780;&#x1798;&#x17D2;&#x1798;&#x179C;&#x17B7;&#x1792;&#x17B8;&#x17A2;&#x1797;&#x17B7;&#x179C;&#x178C;&#x17D2;&#x178D;&#x1793;&#x17CD;&#x179F;&#x17A0;&#x1782;&#x1798;&#x1793;&#x17CD;&#x1785;&#x17C6;&#x179A;&#x17BB;&#x17C7;&#x179A;&#x1794;&#x179F;&#x17CB;&#x179F;&#x17CA;&#x17B8;&#x178A;&#x179F;&#x17C1;-&#x179F;&#x17D2;&#x179C;&#x17B6;&#x1799;&#x179A;&#x17C0;&#x1784;</subfield>
  </datafield>
  <datafield tag="260" ind1=" " ind2=" ">
    <subfield code="a">Phnom Penh </subfield>
    <subfield code="b">RUA</subfield>
    <subfield code="c">1999</subfield>
  </datafield>
  <datafield tag="300" ind1=" " ind2=" ">
    <subfield code="a">52p.</subfield>
    <subfield code="b">ill.</subfield>
    <subfield code="c">29cm.</subfield>
  </datafield>
  <datafield tag="942" ind1=" " ind2=" ">
    <subfield code="2">ddc</subfield>
    <subfield code="c">AGR</subfield>
  </datafield>
  <datafield tag="999" ind1=" " ind2=" ">
    <subfield code="c">435</subfield>
    <subfield code="d">435</subfield>
  </datafield>
  <datafield tag="952" ind1=" " ind2=" ">
    <subfield code="0">0</subfield>
    <subfield code="1">0</subfield>
    <subfield code="2">ddc</subfield>
    <subfield code="4">0</subfield>
    <subfield code="6">AGR_NOP_1999_000000000000000_B021_OR_1</subfield>
    <subfield code="7">0</subfield>
    <subfield code="9">2029</subfield>
    <subfield code="a">LBB</subfield>
    <subfield code="b">LBB</subfield>
    <subfield code="c">B021</subfield>
    <subfield code="d">2015-09-14</subfield>
    <subfield code="o">AGR NOP 1999 B021 Or.1</subfield>
    <subfield code="p">RUA005226</subfield>
    <subfield code="r">2015-09-14</subfield>
    <subfield code="w">2015-09-14</subfield>
    <subfield code="y">AGR</subfield>
  </datafield>
  <datafield tag="952" ind1=" " ind2=" ">
    <subfield code="0">0</subfield>
    <subfield code="1">0</subfield>
    <subfield code="2">ddc</subfield>
    <subfield code="4">0</subfield>
    <subfield code="6">AGR_NOP_1999_000000000000000_B021_OR_2</subfield>
    <subfield code="7">0</subfield>
    <subfield code="9">2030</subfield>
    <subfield code="a">LBB</subfield>
    <subfield code="b">LBB</subfield>
    <subfield code="c">B021</subfield>
    <subfield code="d">2015-09-14</subfield>
    <subfield code="o">AGR NOP 1999 B021 Or.2</subfield>
    <subfield code="p">RUA004016</subfield>
    <subfield code="r">2015-09-14</subfield>
    <subfield code="w">2015-09-14</subfield>
    <subfield code="y">AGR</subfield>
  </datafield>
  <datafield tag="952" ind1=" " ind2=" ">
    <subfield code="0">0</subfield>
    <subfield code="1">0</subfield>
    <subfield code="2">ddc</subfield>
    <subfield code="4">0</subfield>
    <subfield code="6">AGR_NOP_1999_000000000000000_B021_OR_3</subfield>
    <subfield code="7">0</subfield>
    <subfield code="9">2031</subfield>
    <subfield code="a">LBB</subfield>
    <subfield code="b">LBB</subfield>
    <subfield code="c">B021</subfield>
    <subfield code="d">2015-09-14</subfield>
    <subfield code="o">AGR NOP 1999 B021 Or.3</subfield>
    <subfield code="p">RUA004118</subfield>
    <subfield code="r">2015-09-14</subfield>
    <subfield code="w">2015-09-14</subfield>
    <subfield code="y">AGR</subfield>
  </datafield>
  <datafield tag="952" ind1=" " ind2=" ">
    <subfield code="0">0</subfield>
    <subfield code="1">0</subfield>
    <subfield code="2">ddc</subfield>
    <subfield code="4">0</subfield>
    <subfield code="6">AGR_NOP_1999_000000000000000_B021_OR_4</subfield>
    <subfield code="7">0</subfield>
    <subfield code="9">2032</subfield>
    <subfield code="a">LBB</subfield>
    <subfield code="b">LBB</subfield>
    <subfield code="c">B021</subfield>
    <subfield code="d">2015-09-14</subfield>
    <subfield code="o">AGR NOP 1999 B021 Or.4</subfield>
    <subfield code="p">RUA004021</subfield>
    <subfield code="r">2015-09-14</subfield>
    <subfield code="w">2015-09-14</subfield>
    <subfield code="y">AGR</subfield>
  </datafield>
  <datafield tag="952" ind1=" " ind2=" ">
    <subfield code="0">0</subfield>
    <subfield code="1">0</subfield>
    <subfield code="2">ddc</subfield>
    <subfield code="4">0</subfield>
    <subfield code="6">AGR_NOP_1999_000000000000000_B021_OR_5</subfield>
    <subfield code="7">0</subfield>
    <subfield code="9">2033</subfield>
    <subfield code="a">LBB</subfield>
    <subfield code="b">LBB</subfield>
    <subfield code="c">B021</subfield>
    <subfield code="d">2015-09-14</subfield>
    <subfield code="o">AGR NOP 1999 B021 Or.5</subfield>
    <subfield code="p">RUA004015</subfield>
    <subfield code="r">2015-09-14</subfield>
    <subfield code="w">2015-09-14</subfield>
    <subfield code="y">AGR</subfield>
  </datafield>
  <datafield tag="952" ind1=" " ind2=" ">
    <subfield code="0">0</subfield>
    <subfield code="1">0</subfield>
    <subfield code="2">ddc</subfield>
    <subfield code="4">0</subfield>
    <subfield code="6">AGR_NOP_1999_000000000000000_B021_OR_6</subfield>
    <subfield code="7">0</subfield>
    <subfield code="9">2034</subfield>
    <subfield code="a">LBB</subfield>
    <subfield code="b">LBB</subfield>
    <subfield code="c">B021</subfield>
    <subfield code="d">2015-09-14</subfield>
    <subfield code="o">AGR NOP 1999 B021 Or.6</subfield>
    <subfield code="p">RUA004117</subfield>
    <subfield code="r">2015-09-14</subfield>
    <subfield code="w">2015-09-14</subfield>
    <subfield code="y">AGR</subfield>
  </datafield>
  <datafield tag="952" ind1=" " ind2=" ">
    <subfield code="0">0</subfield>
    <subfield code="1">0</subfield>
    <subfield code="2">ddc</subfield>
    <subfield code="4">0</subfield>
    <subfield code="6">AGR_NOP_1999_000000000000000_B021_OR_7</subfield>
    <subfield code="7">0</subfield>
    <subfield code="9">2035</subfield>
    <subfield code="a">LBB</subfield>
    <subfield code="b">LBB</subfield>
    <subfield code="c">B021</subfield>
    <subfield code="d">2015-09-14</subfield>
    <subfield code="o">AGR NOP 1999 B021 Or.7</subfield>
    <subfield code="p">RUA004020</subfield>
    <subfield code="r">2015-09-14</subfield>
    <subfield code="w">2015-09-14</subfield>
    <subfield code="y">AGR</subfield>
  </datafield>
  <datafield tag="952" ind1=" " ind2=" ">
    <subfield code="0">0</subfield>
    <subfield code="1">0</subfield>
    <subfield code="2">ddc</subfield>
    <subfield code="4">0</subfield>
    <subfield code="6">AGR_NOP_1999_000000000000000_B021_OR_8</subfield>
    <subfield code="7">0</subfield>
    <subfield code="9">2036</subfield>
    <subfield code="a">LBB</subfield>
    <subfield code="b">LBB</subfield>
    <subfield code="c">B021</subfield>
    <subfield code="d">2015-09-14</subfield>
    <subfield code="l">1</subfield>
    <subfield code="o">AGR NOP 1999 B021 Or.8</subfield>
    <subfield code="p">RUA004189</subfield>
    <subfield code="r">2016-02-16</subfield>
    <subfield code="s">2016-02-11</subfield>
    <subfield code="w">2015-09-14</subfield>
    <subfield code="y">AGR</subfield>
  </datafield>
</record>
